Tablica mnożenia 10x10 — wersja losowa - Statystyki

Ogólne statystyki
  • Ten quiz został rozwiązany 67 razy
  • Średni wynik to 10 z 10
Statystyki odpowiedzi
Działanie Odpowiedź % Poprawnych
1*1 1
100%
1*10 10
100%
2*5 10
100%
5*2 10
100%
10*1 10
100%
10*10 100
100%
2*6 12
100%
3*4 12
100%
4*3 12
100%
6*2 12
100%
2*7 14
100%
7*2 14
100%
5*3 15
100%
2*8 16
100%
4*4 16
100%
8*2 16
100%
3*6 18
100%
6*3 18
100%
9*2 18
100%
1*2 2
100%
2*1 2
100%
2*10 20
100%
4*5 20
100%
5*4 20
100%
10*2 20
100%
3*7 21
100%
3*8 24
100%
4*6 24
100%
6*4 24
100%
8*3 24
100%
5*5 25
100%
3*9 27
100%
9*3 27
100%
4*7 28
100%
7*4 28
100%
1*3 3
100%
3*10 30
100%
5*6 30
100%
6*5 30
100%
10*3 30
100%
4*8 32
100%
8*4 32
100%
5*7 35
100%
7*5 35
100%
9*4 36
100%
1*4 4
100%
2*2 4
100%
4*1 4
100%
4*10 40
100%
8*5 40
100%
10*4 40
100%
6*7 42
100%
7*6 42
100%
8*6 48
100%
7*7 49
100%
1*5 5
100%
5*1 5
100%
5*10 50
100%
10*5 50
100%
6*9 54
100%
9*6 54
100%
8*7 56
100%
1*6 6
100%
2*3 6
100%
6*1 6
100%
6*10 60
100%
10*6 60
100%
7*9 63
100%
9*7 63
100%
1*7 7
100%
7*1 7
100%
7*10 70
100%
10*7 70
100%
8*9 72
100%
9*8 72
100%
4*2 8
100%
8*1 8
100%
8*10 80
100%
10*8 80
100%
9*9 81
100%
1*9 9
100%
3*3 9
100%
9*1 9
100%
9*10 90
100%
7*3 21
91%
3*5 15
90%
5*8 40
89%
9*5 45
88%
3*2 6
88%
6*8 48
86%
4*9 36
83%
2*4 8
83%
6*6 36
80%
10*9 90
80%
1*8 8
78%
5*9 45
75%
7*8 56
75%
8*8 64
75%
2*9 18
67%
3*1 3
67%
Nie znaleziono quizów pasujących do podanych kryteriów
Rozkład punktacji
Procent ludzi z każdym wynikiem
Percentyl według liczby udzielonych odpowiedzi
Twoja historia wyników
Nie rozwiązałeś tego quizu